Wypisz wszystkie Miejscowości które mają ''Biały/Biel'' w nich nazwie - Statystyki

Ogólne statystyki
  • Ten quiz został rozwiązany 14 razy
  • Średni wynik to 5 z 11
Statystyki odpowiedzi
Rodzaj Populacja Odpowiedź % Poprawnych
Biel -9 Tysięcy Bielsk
100%
Biały -290,4 Tysiące Białystok
83%
Biały -2,2 Tysiące Biała
58%
Biel -23,8 Tysięcy Bielsk Podlaski
58%
Biały -54,5 Tysięcy Biała Podlaska
58%
Biały -9,1 Tysięcy Stara Biała
58%
Biały -7 Tysięcy Biały Dunajec
25%
Biały -6,5 Tysięcy Białobrzegi
25%
Biały -22,3 Tysiące Białogard
25%
Biały -23 Tysiące Białe Błota
8%
Biały -11,1 Tysięcy Dąbrowa Białostocka
0%
Nie znaleziono quizów pasujących do podanych kryteriów
Rozkład punktacji
Procent ludzi z każdym wynikiem
Percentyl według liczby udzielonych odpowiedzi
Twoja historia wyników
Nie rozwiązałeś tego quizu